[Event "Challenge"]
[Site "http://www.queenalice.com/game.php?id=56969"]
[Date "2006.3.12"]
[Round "-"]
[White "toldowisk"]
[Black "ebizzi"]
[Result "1-0"]
[WhiteElo "1780"]
[BlackElo "1639"]

1. d4 Nf6 2. c4 g6 3. Nc3 Bg7 4. e4 d6 5. Nf3 O-O 6. Be2 e5 7. O-O Nc6 8. d5 Ne7
9. b4 a5 10. bxa5 Rxa5 11. Nd2 c5 12. Nb3 Ra8 13. a4 Bd7 14. Nd2 Qc7 15. Qc2 Nc8
16. Nb5 Bxb5 17. cxb5 Nb6 18. Nf3 Ra7 19. Bd2 1-0

[Event "TRA-II-r1-j12-a"]
[Site "http://www.queenalice.com/game.php?id=57070"]
[Date "2006.3.12"]
[Round "-"]
[White "ebizzi"]
[Black "Elcid"]
[Result "0-1"]
[WhiteElo "1657"]
[BlackElo "1889"]

1. Nc3 c5 2. e4 d6 3. Nf3 Nf6 4. d4 cxd4 5. Nxd4 g6 6. Bb5+ Bd7 7. Bxd7+ Nbxd7
8. Be3 Bg7 9. O-O O-O 10. Nf5 gxf5 11. exf5 a6 12. Qd2 Ng4 13. Bd4 Bxd4 14. Qxd4
Ndf6 15. h3 Ne5 16. Rad1 Rc8 17. Rfe1 Kh8 18. Qh4 Qa5 19. Re3 Rg8 20. g4 Rc4 21.
Rg3 Qb6 22. g5 Rxh4 0-1

[Event "TRA-II-r1-j12-b"]
[Site "http://www.queenalice.com/game.php?id=57071"]
[Date "2006.3.12"]
[Round "-"]
[White "ebizzi"]
[Black "Elcid"]
[Result "0-1"]
[WhiteElo "1654"]
[BlackElo "1863"]

1. d4 c5 2. Nf3 cxd4 3. Nxd4 Nf6 4. Nc3 e6 5. e4 Bb4 6. e5 Nd5 7. Bd2 Bxc3 8.
bxc3 Qc7 9. c4 Nb6 10. Qg4 O-O 11. Bh6 Qxe5+ 12. Be2 Nxc4 13. O-O d5 14. Rae1
Nd6 15. Bd3 f5 16. Qg5 Qxd4 17. Re3 Nf7 18. Bxg7 Nxg5 19. Bxd4 Nc6 20. Bc5 Rf7
21. f4 Ne4 0-1

[Event "TRA-II-r1-j12-c"]
[Site "http://www.queenalice.com/game.php?id=57072"]
[Date "2006.3.12"]
[Round "-"]
[White "Elcid"]
[Black "ebizzi"]
[Result "1-0"]
[WhiteElo "1896"]
[BlackElo "1650"]

1. d4 Nf6 2. c4 g6 3. Nc3 Bg7 4. Nf3 d5 5. cxd5 Nxd5 6. e4 Nf6 7. Bc4 c6 8. O-O
O-O 9. e5 b5 10. exf6 Bxf6 11. Bb3 Bg4 12. h3 Bf5 13. Be3 Na6 14. a3 b4 15. Ne2
c5 16. Rc1 Rc8 17. Ng3 Be6 18. Bxe6 fxe6 19. Bh6 Rf7 20. Re1 Nc7 21. Rxc5 bxa3
22. bxa3 1-0

[Event "sáo paulo"]
[Site "http://www.queenalice.com/game.php?id=58361"]
[Date "2006.3.20"]
[Round "-"]
[White "vsg_sampa"]
[Black "ebizzi"]
[Result "1-0"]
[WhiteElo "1660"]
[BlackElo "1610"]

1. d3 d5 2. d4 c5 3. dxc5 e5 4. e3 Bxc5 5. c3 Nf6 6. Bd3 O-O 7. Be2 Nc6 8. Nd2
e4 9. b4 Bd6 10. a4 Qc7 11. h3 Be6 12. Bg4 Ne5 13. Be2 Qxc3 14. Ra3 Qxb4 15. a5
Rac8 16. Rb3 Qxa5 17. Rxb7 Rc6 18. g4 1-0

[Event "tupiniquim"]
[Site "http://www.queenalice.com/game.php?id=63375"]
[Date "2006.4.15"]
[Round "-"]
[White "Simone"]
[Black "ebizzi"]
[Result "1-0"]
[WhiteElo "1687"]
[BlackElo "1623"]

1. e4 e5 2. b3 Nf6 3. d3 Bb4+ 4. Bd2 Bxd2+ 5. Nxd2 Nc6 6. Ngf3 O-O 7. Nc4 d6 8.
h3 Be6 9. Ncd2 Qd7 10. g4 Nb4 11. a3 Nc6 12. Qe2 a5 13. Nh2 Nd4 14. Qd1 1-0

[Event "AUTO-MASTER-133"]
[Site "http://www.queenalice.com/game.php?id=64466"]
[Date "2006.4.20"]
[Round "1"]
[White "rubenov"]
[Black "ebizzi"]
[Result "1-0"]
[WhiteElo "1891"]
[BlackElo "1664"]

1. d4 g6 2. Bg5 Bg7 3. e4 c5 4. Nf3 Nc6 5. c3 d6 6. Bb5 Qa5 7. Bxc6+ bxc6 8. O-O
cxd4 9. cxd4 Bg4 10. Bd2 Bxf3 11. Bxa5 Bxd1 12. Rxd1 c5 13. Bc3 Nf6 14. f3 1-0

[Event "AUTO-MASTER-133"]
[Site "http://www.queenalice.com/game.php?id=64467"]
[Date "2006.4.20"]
[Round "1"]
[White "ebizzi"]
[Black "rubenov"]
[Result "0-1"]
[WhiteElo "1644"]
[BlackElo "1871"]

1. d4 d5 2. c4 Nf6 3. Nc3 c6 4. Nf3 h6 5. Bf4 Bg4 6. Ne5 Bh5 7. cxd5 Nxd5 8.
Nxd5 Qxd5 9. Nf3 e6 10. Qb3 Qxb3 11. axb3 Bb4+ 12. Bd2 Bxf3 13. Bxb4 Bd5 0-1

[Event "AUTO-OPEN-191"]
[Site "http://www.queenalice.com/game.php?id=65650"]
[Date "2006.4.27"]
[Round "2"]
[White "elvire"]
[Black "ebizzi"]
[Result "1-0"]
[WhiteElo "2151"]
[BlackElo "1592"]

1. e4 e5 2. f4 exf4 3. Bc4 Qh4+ 4. Kf1 g5 5. Nc3 Bg7 6. d4 Nc6 7. Nf3 Qh5 8. Nd5
Rb8 9. Nxc7+ Kf8 10. Nb5 Nf6 11. Nd6 b5 12. Bxf7 Qg4 13. e5 Nxd4 14. Qxd4 Nh5
15. Kg1 Ba6 16. h3 Qg3 17. Bxh5 Bb7 18. Nf5 Bxf3 19. Qd6+ 1-0

[Event "AUTO-OPEN-191"]
[Site "http://www.queenalice.com/game.php?id=65651"]
[Date "2006.4.27"]
[Round "2"]
[White "ebizzi"]
[Black "elvire"]
[Result "0-1"]
[WhiteElo "1590"]
[BlackElo "2152"]

1. d4 Nf6 2. c4 c5 3. d5 e6 4. Nc3 exd5 5. cxd5 d6 6. Nf3 g6 7. e4 Bg7 8. Bg5 h6
9. Bf4 O-O 10. Qd2 Re8 11. Bd3 Nxe4 12. Nxe4 f5 13. O-O fxe4 14. Bxe4 Rxe4 15.
Bxh6 Bf5 16. Rfe1 Bxh6 17. Qxh6 Qf8 0-1

[Event "AUTO-OPEN-191"]
[Site "http://www.queenalice.com/game.php?id=65654"]
[Date "2006.4.27"]
[Round "2"]
[White "Theboss"]
[Black "ebizzi"]
[Result "1-0"]
[WhiteElo "1892"]
[BlackElo "1605"]

1. e4 e5 2. Nf3 Nf6 3. Nxe5 Qe7 4. d4 d6 5. Nf3 Qxe4+ 6. Be2 Nc6 7. O-O Bg4 8.
Nc3 Qg6 9. h3 Bxh3 10. Nh4 Bxg2 11. Nxg6 Bxf1 12. Nxh8 1-0

[Event "AUTO-OPEN-191"]
[Site "http://www.queenalice.com/game.php?id=65655"]
[Date "2006.4.27"]
[Round "2"]
[White "ebizzi"]
[Black "Theboss"]
[Result "0-1"]
[WhiteElo "1610"]
[BlackElo "1887"]

1. d4 Nf6 2. c4 g6 3. Nc3 Bg7 4. e4 O-O 5. Nf3 d6 6. Be2 e5 7. O-O Nc6 8. d5 Ne7
9. h3 Ne8 10. Bg5 h6 0-1